Statistics for Which countries with 'Guinea' on its name...?

Click here to take the quiz!

General Stats

  • This quiz has been taken 66 times
  • The average score is 26 of 40

Answer Stats

QuestionTileSelect% Correct
countries that are located in AfricaGuinea-BissauYes
98%
countries that are located in AfricaPapua New GuineaNo
98%
countries that are located in AfricaGuineaYes
97%
countries that are located in AfricaEquatorial GuineaYes
93%
countries which border other country with 'Guinea' on its nameEquatorial GuineaNo
92%
countries whose capital city is located on an islandGuineaNo
92%
countries which border other country with 'Guinea' on its namePapua New GuineaNo
92%
countries which border other country with 'Guinea' on its nameGuinea-BissauYes
88%
countries whose capital city is located on an islandGuinea-BissauNo
87%
countries which border other country with 'Guinea' on its nameGuineaYes
83%
countries whose capital city has more than a million inhabitants (city proper)Guinea-BissauNo
83%
countries whose tallest peak is taller than 2000 mGuinea-BissauNo
80%
countries which use the franc as their currencyPapua New GuineaNo
80%
countries whose capital city has more than a million inhabitants (city proper)Equatorial GuineaNo
78%
countries whose capital city is located on an islandPapua New GuineaYes
78%
countries that who own territory that was part of the portuguese empire at some pointPapua New GuineaNo
73%
countries that who own territory that was part of the portuguese empire at some pointGuineaNo
70%
countries whose flag contains starsGuineaNo
70%
countries whose flag contains starsPapua New GuineaYes
68%
countries whose tallest peak is taller than 2000 mGuineaNo
65%
countries were the most practiced religion is CatholicismGuinea-BissauNo
63%
countries whose capital city is located on an islandEquatorial GuineaYes
62%
countries which use the franc as their currencyGuineaYes
60%
countries that who own territory that was part of the portuguese empire at some pointGuinea-BissauYes
60%
countries were the most practiced religion is CatholicismEquatorial GuineaYes
58%
countries were the most practiced religion is CatholicismGuineaNo
58%
countries whose tallest peak is taller than 2000 mPapua New GuineaYes
58%
countries whose capital city has more than a million inhabitants (city proper)GuineaYes
57%
countries whose national motto includes the word 'Unity'GuineaNo
57%
countries whose capital city has more than a million inhabitants (city proper)Papua New GuineaNo
47%
countries which use the franc as their currencyGuinea-BissauYes
45%
countries whose flag contains starsGuinea-BissauYes
43%
countries that who own territory that was part of the portuguese empire at some pointEquatorial GuineaYes
42%
countries were the most practiced religion is CatholicismPapua New GuineaYes
42%
countries whose national motto includes the word 'Unity'Guinea-BissauYes
37%
countries whose national motto includes the word 'Unity'Papua New GuineaYes
32%
countries whose national motto includes the word 'Unity'Equatorial GuineaYes
28%
countries whose flag contains starsEquatorial GuineaYes
28%
countries which use the franc as their currencyEquatorial GuineaYes
25%
countries whose tallest peak is taller than 2000 mEquatorial GuineaYes
13%

Score Distribution

Percentile by Number Answered

Percent of People with Each Score

Your Score History

You have not taken this quiz